[Event "IBM-B"]
[Site "Amsterdam"]
[Date "1971.??.??"]
[Round "11"]
[White "Kort, Jacob"]
[Black "Van Geet, Dirk Daniel"]
[Result "1-0"]
[WhiteElo "2200"]
[BlackElo "2380"]

1.d4 Nf6 2.c4 Nc6 3.Nf3 d6 4.Nc3 e5 5.e3 Bg4 6.Be2 g6 7.O-O Bg7 8.d5 Ne7
9.e4 O-O 10.b4 a5 11.bxa5 Rxa5 12.a4 Bxf3 13.Bxf3 Nd7 14.Bd2 Nc5 15.Nb5 Ra6
16.Be3 Qd7 17.Bg4 f5 18.exf5 gxf5 19.Bh3 Ng6 20.g3 Qe7 21.Ra2 Kh8 22.Qc2 f4
23.Bxc5 dxc5 24.Qe4 Qg5 25.Nxc7 Qh5 26.Be6 Rb6 27.f3 fxg3 28.hxg3 Qg5 29.Bg4 Nf4
30.Rh2 Rg6 31.Kh1 Rh6 32.Rf2 Nh5 33.Bxh5 Rxh5 34.Rxh5 Qxh5+ 35.Kg2 Rf6 36.Qg4 Qxg4
37.fxg4 Rb6 38.Ne6 e4 39.Rf7 Rb2+ 40.Kh3 e3 41.Rxg7 h5 42.Re7 hxg4+ 43.Kxg4 Rb4
44.Kf5 Rxc4 45.Kf6 Rg4 46.d6 Rxg3 47.d7 Rf3+ 48.Kg6  1-0

[Event "IBM-B"]
[Site "Amsterdam"]
[Date "1972.??.??"]
[Round "8"]
[White "Marovic, Drazen"]
[Black "Jongsma, Alexander"]
[Result "1-0"]
[WhiteElo "2475"]
[BlackElo "2300"]

1.d4 Nf6 2.c4 Nc6 3.Nf3 d6 4.Nc3 e5 5.dxe5 Nxe5 6.e3 Nxf3+ 7.gxf3 c6 8.Bd2 Be6
9.Qc2 d5 10.Ne2 Bd6 11.Nd4 O-O 12.Bc3 Qe7 13.Rg1 Bb4 14.O-O-O Bxc3 15.Qxc3 c5
16.Nb5 Rad8 17.Qe5 Rd7 18.cxd5 Rfd8 19.Nc3  1-0

[Event "Schoeneck op"]
[Site "Schoeneck"]
[Date "1988.??.??"]
[Round "11"]
[White "Roeschlau, Bernd"]
[Black "Kluss, Kai"]
[Result "1-0"]
[WhiteElo "2285"]
[BlackElo "2275"]

1.d4 Nf6 2.c4 Nc6 3.Nf3 e6 4.Nc3 Bb4 5.g3 d5 6.Bg2 dxc4 7.O-O O-O 8.Bf4 a6
9.Qa4 Bxc3 10.bxc3 b5 11.Qc2 Rb8 12.Rad1 Bb7 13.e4 h6 14.Rfe1 Ne7 15.h4 Ng6
16.Bc1 Qc8 17.Bh3 c5 18.d5 Qe8 19.dxe6 fxe6 20.Rd6 Bc8 21.Be3 e5 22.Bf5 Ne7
23.Bxc5 Nxf5 24.exf5 Qh5 25.Nxe5 Bxf5 26.Qd1 Qxd1 27.Rdxd1 Rfe8 28.Nc6 Bc2
29.Nxb8 Bxd1 30.Rxe8+ Nxe8 31.Nxa6 Kf7 32.Kf1 Ke6 33.Ke1 Bg4 34.Kd2 Kd5 35.Be3 Nf6
36.Bd4 Ne8 37.Ke3 g6 38.Kf4 h5 39.Nb4+ Ke6 40.Nc2 Kd6 41.Ne3 Be2 42.Be5+ Ke6
43.Nc2  1-0

[Event "Lugano op"]
[Site "Lugano"]
[Date "1989.??.??"]
[Round "9"]
[White "Heckler, Mario"]
[Black "Kluss, Kai"]
[Result "1-0"]
[WhiteElo "2245"]
[BlackElo "2225"]

1.d4 Nf6 2.c4 Nc6 3.Nf3 e6 4.Nc3 Bb4 5.g3 O-O 6.Bg2 d5 7.cxd5 exd5 8.O-O Ne4
9.Qd3 Re8 10.Be3 h6 11.Nd2 Nf6 12.h3 a6 13.Rac1 Ne7 14.Bf4 Ng6 15.Bxc7 Qxc7
16.Nxd5 Qd6 17.Nc4 Qf8 18.Nc7 Rb8 19.Nxe8 Qxe8 20.e4 b5 21.Ne3 Qd8 22.f4 Bb7
23.Kh2 Ne7 24.Rfd1 Rc8 25.Rxc8 Nxc8 26.d5 Bc5 27.Nf5 Qb6 28.Qe2 Kh7 29.e5 Nxd5
30.Bxd5 Bxd5 31.Rxd5 Bg1+ 32.Kg2 Qc6 33.Qe4 g6 34.Kxg1 Nb6 35.Ne3 Qc1+ 36.Rd1 Qxb2
37.Qd4 Qxa2 38.Qxb6 Qe2 39.Rd7 Qe1+ 40.Nf1  1-0

[Event "Podolsk GMA-qual"]
[Site "Podolsk"]
[Date "1989.??.??"]
[Round "?"]
[White "Kanstler, Boris"]
[Black "Orlov, Georgi"]
[Result "1-0"]
[WhiteElo "2425"]
[BlackElo "2515"]

1.d4 Nf6 2.c4 Nc6 3.Nc3 e5 4.d5 Ne7 5.Nf3 Ng6 6.h4 h5 7.Bg5 Bb4 8.Qb3 Qe7
9.Nd2 a5 10.a3 Bxc3 11.Qxc3 a4 12.e3 d6 13.Bd3 Bd7 14.Ne4 Nf8 15.Bxf6 gxf6
16.Ng3 b6 17.Qc2 Bc8 18.Be2 Kd8 19.Bxh5 e4 20.Bd1 f5 21.h5 Qg5 22.Qc3 Rh6
23.Ne2 Nd7 24.Nf4 Ne5 25.Be2 Bd7 26.Kd2 Ke7 27.Rh3 Qf6 28.Rg3 Rhh8 29.Rh1 Ra5
30.Qd4 Rc5 31.Rc1 Rb8 32.Rc3 Qh6 33.Ke1 Qf6 34.Kd2 Qh4 35.Rg7 Qxf2 36.Rc1 b5
37.Rf1 Qh4 38.Ng6+ Nxg6 39.hxg6 Rf8 40.Rh7 Qg5 41.gxf7 bxc4 42.Rfh1 f4 43.Qxe4+ Kd8
44.exf4 Qf6 45.Ke1 Bf5 46.R7h6 Bxe4 47.Rxf6 Bxg2 48.Rg1 Bxd5 49.Bh5 Ke7 50.Rf5 Kd7
51.Rg7 Ke7 52.Rfg5 Be6 53.Rxc5 dxc5 54.Rg8 Rxg8 55.fxg8=Q Bxg8 56.Kd2 Kf6
57.Bd1 c3+ 58.bxc3 Kf5 59.Ke3 Bb3 60.Be2 Kf6 61.Bb5 Ke6 62.Ke4 Bc2+ 63.Bd3 Bb3
64.Ke3 Kf6 65.Ke4 Ke6 66.f5+ Kf6 67.Bb5 Bc2+ 68.Kd5 Kxf5 69.Kxc5 Ke4 70.Kc6 Ke3
71.Kxc7 Kd2 72.c4 Kc3 73.c5 Kb3 74.Kb6 Kxa3 75.Ka5 Kb3 76.Bxa4+ Kc4 77.c6 Kc5
78.c7 Bf5 79.Ka6 Kd6 80.Kb7 Bg4 81.Bc6 Kc5 82.Bg2  1-0

[Event "Leningrad it"]
[Site "Leningrad"]
[Date "1990.??.??"]
[Round "?"]
[White "Cherepkov, Alexander V"]
[Black "Mukhim, G."]
[Result "1/2-1/2"]
[WhiteElo "2425"]
[BlackElo "2425"]

1.d4 Nf6 2.c4 Nc6 3.Nf3 e6 4.Nc3 Bb4 5.Qc2 d6 6.Bd2 e5 7.d5 Bxc3 8.Bxc3 Ne7
9.e4 O-O 10.g3 Ne8 11.Bg2 Bd7 12.O-O f5 13.exf5 Bxf5 14.Qb3 Rb8 15.c5 Ng6
16.cxd6 cxd6 17.Rfe1 Kh8 18.Bd2 h6 19.Be3 b6 20.Nd2 Qd7 21.Ne4 Bh3 22.Bh1 Nf6
23.Nxf6 Rxf6 24.Rac1 Nh4  1/2-1/2

[Event "Leningrad op"]
[Site "Leningrad"]
[Date "1990.??.??"]
[Round "?"]
[White "Gagloshvili, Raissa"]
[Black "Mukhim, G."]
[Result "0-1"]
[WhiteElo "2085"]
[BlackElo "2425"]

1.d4 Nf6 2.c4 Nc6 3.Nf3 e6 4.Nc3 Bb4 5.Bf4 O-O 6.Qc2 d6 7.e3 Qe7 8.Bg5 e5
9.O-O-O Bxc3 10.Qxc3 Re8 11.Qc2 Nb4 12.Qb3 a5 13.a3 Nc6 14.h3 a4 15.Qc2 Ra5
16.Bh4 e4 17.Nd2 g5 18.Bg3 Bf5 19.Nb1 Bg6 20.Nc3 Qd7 21.Be2 Ne7 22.h4 h6
23.hxg5 hxg5 24.Rh3 Nf5 25.Rdh1 Kg7 26.Qd1 c6 27.Bg4 Qe7 28.Bxf5 Bxf5 29.Rh6 Bg6
30.Qc2 Ng4 31.R6h3 b5 32.Qd1 Bf5 33.c5 dxc5 34.dxc5 Qxc5 35.Bd6 Qc4 36.Rh7+ Kf6
37.R1h6+ Nxh6 38.Rxh6+ Bg6 39.f4 exf3 40.Qxf3+ Kg7  0-1

[Event "Barcelona Vulca"]
[Site "Barcelona"]
[Date "1991.??.??"]
[Round "1"]
[White "Campos Moreno, Javier B"]
[Black "De la Riva Aguado, Oscar"]
[Result "1/2-1/2"]
[WhiteElo "2480"]
[BlackElo "2360"]

1.d4 Nf6 2.c4 Nc6 3.d5 Ne5 4.e4 e6 5.Qd4 Bb4+ 6.Bd2 Bxd2+ 7.Nxd2 d6 8.f4 c5
9.Qc3 Ng6 10.dxe6 Nxf4 11.exf7+ Kxf7 12.O-O-O Re8 13.Qg3 Ng6 14.Ngf3 Kg8
15.Bd3 Ng4 16.Rhe1 N4e5 17.Nxe5 Nxe5 18.Nf3 Qc7 19.Nxe5 dxe5 20.Be2 Be6 21.Bg4 Bxg4
22.Qxg4 Qa5 23.a3 Rad8 24.Rxd8 Qxe1+ 25.Rd1 Qe3+ 26.Kb1 Qf4 27.Qe2 Rf8 28.g3 Qf6
29.Rd7 Rf7 30.Rd5 b6 31.Ka2 h6 32.Qd3 Kh7 33.Rd8 Rf8 34.Rd5 Rf7 35.Rd6 Qf2
36.Qd5 Qf1 37.Rd8 Rf2 38.h4 Qe2 39.Qg8+ Kg6 40.Qe8+ Kh7 41.Qg8+  1/2-1/2

[Event "Barcelona Vulca"]
[Site "Barcelona"]
[Date "1991.??.??"]
[Round "3"]
[White "Cramling, Pia"]
[Black "Comas Fabrego, Luis"]
[Result "1/2-1/2"]
[WhiteElo "2470"]
[BlackElo "2375"]

1.d4 Nf6 2.c4 Nc6 3.Nf3 e6 4.a3 d5 5.Nc3 Be7 6.Bf4 O-O 7.e3 a6 8.Rc1 dxc4
9.Bxc4 b5 10.Bd3 Bb7 11.O-O Rc8 12.Qc2 Nb8 13.Ne4 Nbd7 14.Rfd1 c5 15.Nxf6+ Bxf6
16.dxc5 Rxc5 17.Qb1 Rxc1 18.Rxc1 e5 19.Bg3 g6 20.Nd2 Be7 21.b4 Qb6 22.Be4 Rd8
23.Nb3 Bxe4 24.Qxe4 Qe6 25.Na5 Kf8 26.h3 f5 27.Qc6 Kf7 28.Qxe6+ Kxe6 29.Rc6+ Kd5
30.Rxa6 Rc8 31.Ra7 Rc1+ 32.Kh2 Ke6 33.Ra6+ Kd5 34.f3 Bg5 35.f4 Bd8 36.Ra7 Ke6
37.Ra6+ Kd5 38.Ra7 Ke6 39.fxe5 Nxe5 40.Ra6+ Kd5 41.Bxe5 Bxa5 42.Rxa5 Kxe5
43.Rxb5+ Ke4 44.Rb7 Ra1 45.Re7+ Kd3 46.Rxh7 Rxa3 47.Rh6 Kxe3 48.Rxg6 f4 49.b5 Ra2
50.h4 Rb2 51.Rg5 f3 52.Rg3 Kf4 53.Rxf3+ Kg4 54.Rf8 Rxb5 55.Rh8 Rb3 56.h5 Ra3
57.h6 Kg5 58.Kg1 Ra2 59.Kf1 Rb2 60.Kg1 Ra2 61.Kh2 Ra3 62.g3 Ra2+ 63.Kh3 Ra6
64.h7 Kg6 65.Kg4  1/2-1/2

[Event "ESP-chT"]
[Site "Linares"]
[Date "1991.??.??"]
[Round "6"]
[White "Rivas Pastor, Manuel"]
[Black "Comas Fabrego, Luis"]
[Result "0-1"]
[WhiteElo "2450"]
[BlackElo "2375"]

1.d4 Nf6 2.c4 Nc6 3.Nf3 e6 4.g3 Bb4+ 5.Nbd2 d5 6.Qc2 dxc4 7.Qxc4 Qd5 8.Qxd5 exd5
9.a3 Bd6 10.Nb3 Bg4 11.Bg2 a5 12.Be3 O-O-O 13.Rc1 Rhe8 14.O-O Ne4 15.Rfd1 f6
16.Kf1 Bf8 17.Nfd2 Be6 18.Nxe4 dxe4 19.Nc5 Bxc5 20.Rxc5 Bb3 21.Rd2 Bd5 22.Rdc2 g5
23.Rc1 a4 24.Rb5 Rd6 25.Rbc5 Kb8 26.h4 h6 27.Bh3 Bb3 28.h5 Re7 29.d5 Rxd5
30.Rxd5 Bxd5 31.Bf5 b6 32.Bg6 Kb7 33.Bd2 Ne5 34.Bc3 Nxg6 35.hxg6 Rg7 36.Bxf6 Rxg6
37.Be5 c5 38.Ke1 Kc6 39.Bc3 h5 40.Kd2 h4 41.gxh4 gxh4 42.Ke3 h3 43.Be5 Rg5
44.Bf4 Rh5 45.Bh2 Kb5 46.Kf4 Rh7 47.Ke5 Bb7 48.Rc3 Rf7 49.Bg3 Rd7 50.Bf4 Rd5+
51.Ke6 Rh5 52.Bh2 Rg5 53.Rxh3 Bc8+ 54.Kf6 Rf5+ 55.Ke7 Rxf2 56.Rh6 Bb7 57.Bc7 Bc6
58.Rh2 e3 59.Bg3 Rxh2 60.Bxh2 Kc4 61.Bc7 Kd4 62.Ke6 Ke4 63.Bxb6 Bb5 64.Kd6 Bxe2
65.Kxc5 Kd3 66.Kd5 Bd1 67.Ba5 e2 68.Ke5 Ke3 69.Be1 Bb3 70.Kf5 Kf3  0-1

[Event "Oviedo rapid"]
[Site "Oviedo"]
[Date "1991.??.??"]
[Round "10"]
[White "Bykhovsky, Avigdor"]
[Black "Comas Fabrego, Luis"]
[Result "0-1"]
[WhiteElo "2490"]
[BlackElo "2375"]

1.d4 Nf6 2.c4 Nc6 3.Nf3 e6 4.g3 d5 5.Bg2 dxc4 6.Qa4 Bd7 7.Qxc4 Bd6 8.O-O O-O
9.Nc3 a6 10.a3 Rb8 11.b4 e5 12.d5 Ne7 13.Bg5 Ne8 14.Rfd1 h6 15.Be3 Nf6 16.Bc5 Ra8
17.h3 b6 18.Be3 Re8 19.Bc1 Ng6 20.Nd2 Qe7 21.Nde4 Nxe4 22.Nxe4 f5 23.Nxd6 cxd6
24.Be3 b5 25.Qb3 f4 26.Bd2 fxg3 27.fxg3 e4 28.Qe3 Ne5 29.Qxe4 Nc4 30.Qxe7 Rxe7
31.e4 Be8 32.Ra2 Bg6 33.Bf4 Rae8 34.Re1 Bf7 35.Rd1 g5 36.Bc1 Bg6 37.Re1 Re5
38.Rae2 Bh5 39.g4 Bf7 40.Kf2 Bg6  0-1

[Event "Simferopol/Alushta"]
[Site "Alushta"]
[Date "1992.??.??"]
[Round "?"]
[White "Piskov, Yury"]
[Black "Malaniuk, Vladimir P"]
[Result "1/2-1/2"]
[WhiteElo "2500"]
[BlackElo "2540"]

1.d4 Nf6 2.c4 Nc6 3.Nf3 e6 4.Nc3 Bb4 5.g3 d6 6.Qb3 a5 7.a3 a4 8.Qc2 Bxc3+
9.Qxc3 O-O 10.Bg2 Re8 11.Bf4 Qe7 12.O-O e5 13.dxe5 dxe5 14.Be3 h6 15.Rad1 Na5
16.Nd2 Ng4 17.Bd5 Ra6 18.Qb4 Nc6 19.Qc3 Na5 20.Qc2 c6 21.Be4 Be6 22.Bd3 Nxe3
23.fxe3 Qc5 24.Rf3 Nb3 25.Nxb3 axb3 26.Qxb3 b5 27.Rc1 bxc4 28.Bxc4 Rb6 29.Qa2 Bxc4
30.Qxc4 Qxc4 31.Rxc4 Rxb2 32.Kf1  1/2-1/2

[Event "Wch U20"]
[Site "Buenos Aires"]
[Date "1992.??.??"]
[Round "?"]
[White "Annakov, Babakuli"]
[Black "Gokhale, Jayant Suresh"]
[Result "1-0"]
[WhiteElo "2315"]
[BlackElo "2330"]

1.d4 Nf6 2.c4 Nc6 3.Nf3 e6 4.Nc3 Bb4 5.Qc2 d6 6.g3 O-O 7.Bg2 e5 8.dxe5 Nxe5
9.Nxe5 dxe5 10.O-O h6 11.a3 Bxc3 12.Qxc3 Qe7 13.b3 c6 14.Bb2 Re8 15.e4 c5
16.f4 Nd7 17.Rad1 f6 18.Qd3 a5 19.a4 exf4 20.gxf4 Nb8 21.Qg3 Nc6 22.Kh1 Kh8
23.e5 fxe5 24.Rde1 Nd4 25.Rxe5 Qf8 26.Qe3 Rxe5 27.fxe5 Nf5 28.e6  1-0

[Event "Cappelle op"]
[Site "Cappelle la Grande"]
[Date "1992.??.??"]
[Round "9"]
[White "Timoshchenko, Gennadi A"]
[Black "Stromer, Alexander"]
[Result "1-0"]
[WhiteElo "2510"]
[BlackElo "2255"]

1.d4 Nf6 2.c4 Nc6 3.Nf3 d6 4.g3 Bg4 5.Bg2 e5 6.d5 Nb8 7.h3 Bh5 8.O-O Nbd7
9.Nc3 Be7 10.e4 O-O 11.Be3 h6 12.Qc2 Bxf3 13.Bxf3 Nh7 14.h4 a5 15.a3 Ndf6
16.b4 Qd7 17.Qe2 g5 18.hxg5 hxg5 19.c5 Kg7 20.Rfc1 Rh8 21.Bg2 Qg4 22.Qxg4 Nxg4
23.cxd6 cxd6 24.Bb6 axb4 25.axb4 Nhf6 26.Nb5 Rxa1 27.Rxa1 Bd8 28.Ba7 Be7
29.Rc1 Rd8 30.Rc7 Rd7 31.Rc8 Nh6 32.Bb6 g4 33.Nc3 Nh5 34.Bf1 Bg5 35.Bb5 Re7
36.Bd8  1-0

[Event "Groningen op"]
[Site "Groningen"]
[Date "1992.??.??"]
[Round "9"]
[White "Sakaev, Konstantin"]
[Black "Bliumberg, Vladislav"]
[Result "1-0"]
[WhiteElo "2540"]
[BlackElo "2265"]

1.d4 Nf6 2.c4 Nc6 3.Nf3 e6 4.a3 d5 5.Nc3 g6 6.Bf4 Bg7 7.e3 O-O 8.Qc2 Bd7
9.Rd1 a6 10.h3 Re8 11.Bh2 Na7 12.Ne5 b5 13.cxd5 exd5 14.Bd3 Nc8 15.O-O Nd6
16.f3 a5 17.e4 b4 18.axb4 dxe4 19.fxe4 axb4 20.Ne2 b3 21.Qb1 Bc8 22.Nc3 Bb7
23.Rfe1 Nd7 24.Nf3 Ra5 25.Qc1 Rh5 26.Qf4 Bh6 27.Qg3 Nb6 28.Qf2 Ndc4 29.d5 Bg7
30.Bf1 Ne5 31.Nd4 Bc8 32.Be2 Rh6 33.Rf1 Qe7 34.Bxe5 Bxe5 35.Nc6 Qf8 36.Nxe5 Rxe5
37.Qf4 Nd7 38.Bg4 g5 39.Qg3 Qe7 40.Rf2 Nb6 41.Be6 Rexe6 42.dxe6 Rxe6 43.Nd5 Nxd5
44.Rxd5 h6 45.Qd3 Rd6 46.Rxd6 cxd6 47.Qxb3 Bb7 48.Qf3 Bxe4 49.Qf6 Qc7 50.b4 Bd3
51.Qd4 Qc1+ 52.Kh2 Qe1 53.Rf3 Bb5 54.Qxd6 Qe8 55.Rf5 Bd7 56.Re5 Be6 57.b5 Qa8
58.b6 Qa6 59.Rxe6 fxe6 60.Qd8+ Kf7 61.Qc7+  1-0

[Event "Katowice op"]
[Site "Katowice"]
[Date "1992.??.??"]
[Round "2"]
[White "Agrest, Evgenij"]
[Black "Vlassov, Nikolai"]
[Result "1-0"]
[WhiteElo "2485"]
[BlackElo "2360"]

1.d4 Nf6 2.c4 Nc6 3.Nc3 e5 4.Nf3 exd4 5.Nxd4 Bb4 6.g3 Ne4 7.Qd3 Qe7 8.Bg2 Nxc3
9.bxc3 Ne5 10.Qc2 Bc5 11.O-O O-O 12.Qb3 d6 13.Rb1 a5 14.Qa4 Rb8 15.Qc2 Qf6
16.Nb3 Bb6 17.c5 dxc5 18.c4 Qf5 19.Be4 Qh5 20.Bf4 Ng4 21.h4 Nf6 22.Bg2 Bg4
23.Nc1 Rbe8 24.f3 Bf5 25.e4 Bc8 26.Nd3 Nd7 27.Be3 Ba7 28.f4 f6 29.Qd2 b6
30.f5 Ne5 31.Nxe5 Rxe5 32.Bf4 Re7 33.Qc2 Bb7 34.Bf3 Qe8 35.Rfe1 Qa8 36.Re2 Rd8
37.Rd1 Rd4 38.Rxd4 cxd4 39.Qd3 c5 40.g4 Bb8 41.Qd2 Ba6 42.g5 Kh8 43.Rg2 Bxc4
44.gxf6 gxf6 45.Bxb8 Qxb8 46.Qh6 Rf7 47.Bh5 Qf8 48.Bxf7 Qxf7 49.e5 Qe7 50.e6 Bd5
51.Rg3 b5 52.Qf4 Bc6 53.h5 Qd8 54.h6 b4 55.Qg4 Qf8 56.Qg7+ Qxg7 57.Rxg7 Be8
58.Re7  1-0

[Event "Katowice op"]
[Site "Katowice"]
[Date "1992.??.??"]
[Round "3"]
[White "Twardon, Marian"]
[Black "Titov, German"]
[Result "0-1"]
[WhiteElo "2345"]
[BlackElo "2490"]

1.d4 Nf6 2.c4 Nc6 3.Nf3 e6 4.Nc3 Bb4 5.Qc2 d6 6.a3 Bxc3+ 7.Qxc3 O-O 8.e3 Re8
9.b3 e5 10.Bb2 Bg4 11.d5 Nb8 12.Be2 Nbd7 13.b4 e4 14.Nd4 Bxe2 15.Nxe2 Ne5
16.O-O Nd3 17.Rad1 Nxb2 18.Qxb2 Qe7 19.Ng3 Qe5 20.Qxe5 Rxe5 21.Rd4 a5 22.Rfd1 axb4
23.axb4 h5 24.h3 Ra2 25.b5 b6 26.Kf1 h4 27.Ne2 Re8 28.Rc1 Kh7 29.Nc3 Rb2
30.Ke1 Kg6 31.Ra1 Kf5 32.Ne2 Nd7 33.g4+ Kf6 34.Ra7 Ne5 35.Kf1 Rb1+ 36.Kg2 Nf3
37.Rxc7 Nxd4 38.Nxd4 Ra8 39.Rd7 Raa1 40.Ne2 Re1 41.g5+ Kg6 42.Rxd6+ Kh5 43.Ng3+ hxg3
44.Kxg3 Kxg5  0-1

[Event "Katowice op"]
[Site "Katowice"]
[Date "1992.??.??"]
[Round "6"]
[White "Vaulin, Alexander"]
[Black "Vlassov, Nikolai"]
[Result "1-0"]
[WhiteElo "2520"]
[BlackElo "2360"]

1.d4 Nf6 2.c4 Nc6 3.Nf3 e6 4.Nc3 Bb4 5.Qb3 d6 6.d5 Bxc3+ 7.Qxc3 Ne7 8.dxe6 fxe6
9.g3 O-O 10.Bg2 Qe8 11.Bg5 Qh5 12.Bxf6 Rxf6 13.Nd2 Nc6 14.e3 Bd7 15.Ne4 Rh6
16.f4 e5 17.Ng5 exf4 18.Bd5+ Kf8 19.h4 Qg4 20.Kd2 fxe3+ 21.Qxe3 Re8 22.Raf1+ Bf5
23.Ne6+ Rhxe6 24.Bxe6 Rxe6 25.Qxe6 g6 26.Rxf5+ gxf5 27.Rf1 Qd4+ 28.Kc1 Ne7
29.Re1 Qg7 30.Qd7  1-0

[Event "Katowice op"]
[Site "Katowice"]
[Date "1992.??.??"]
[Round "8"]
[White "Gleizerov, Evgeny"]
[Black "Titov, German"]
[Result "1/2-1/2"]
[WhiteElo "2525"]
[BlackElo "2490"]

1.d4 Nf6 2.c4 Nc6 3.Nf3 e6 4.g3 Bb4+ 5.Bd2 Qe7 6.Nc3 a5 7.Bg2 O-O 8.O-O d6
9.Rc1 Bxc3 10.Bxc3 Ne4 11.Qc2 Nxc3 12.Qxc3 e5 13.d5 Nb4 14.Ra1 b6 15.a3 Na6
16.b4 Nb8 17.Nd2 Nd7 18.e4 Bb7 19.Nb3 axb4 20.axb4 c5 21.dxc6 Bxc6 22.Rfd1 Nf6
23.Qd3 Rxa1 24.Nxa1 Rd8 25.Nb3  1/2-1/2

[Event "Ljubljana Iskra"]
[Site "Ljubljana"]
[Date "1992.??.??"]
[Round "?"]
[White "Jelen, Iztok"]
[Black "Dizdarevic, Emir"]
[Result "0-1"]
[WhiteElo "2425"]
[BlackElo "2505"]

1.d4 Nf6 2.c4 Nc6 3.Nc3 e5 4.d5 Ne7 5.e4 Ng6 6.Be3 Bb4 7.f3 Bxc3+ 8.bxc3 d6
9.c5 O-O 10.h4 Nh5 11.Bf2 c6 12.g4 Nhf4 13.h5 Ne7 14.cxd6 Qxd6 15.c4 cxd5
16.cxd5 Bxg4 17.h6 g5 18.Qb3 Bd7 19.Ne2 Neg6 20.Rg1 f6 21.Nc3 Rfc8 22.a4 Kh8
23.Kd2 b6 24.Ba6 Nh3 25.Rgf1 Nxf2 26.Bxc8 Rxc8 27.Rxf2 Qc5 28.Rff1 Nf4 29.Ne2 Qa5+
30.Nc3 Ne2 31.Rfc1 Nxc1 32.Rxc1 Kg8 33.f4 exf4 34.e5 fxe5 35.d6+ Kf8 36.Qb1 Kg8
37.Qb3+ Kf8 38.Qb1 Qc5  0-1

[Event "Ljubljana Iskra"]
[Site "Ljubljana"]
[Date "1992.??.??"]
[Round "?"]
[White "Farago, Ivan"]
[Black "Dizdarevic, Emir"]
[Result "1-0"]
[WhiteElo "2520"]
[BlackElo "2505"]

1.d4 Nf6 2.c4 Nc6 3.Nf3 e6 4.g3 Bb4+ 5.Bd2 a5 6.Bg2 O-O 7.O-O Bxd2 8.Qxd2 d6
9.Nc3 Qe7 10.Rfd1 Re8 11.Rac1 h6 12.h3 Nb8 13.e4 e5 14.dxe5 dxe5 15.Nd5 Nxd5
16.cxd5 c6 17.Qc3 Bd7 18.Nd2 b5 19.Nb3 b4 20.Qe3 cxd5 21.exd5 Qd6 22.Nd2 Qg6
23.Nc4 e4 24.Nb6 Ra7 25.d6 Qh5 26.Rd5 f5 27.Rc7 Be6 28.g4 Qh4 29.Rxa7 Bxd5
30.Nxd5 fxg4 31.Ne7+  1-0

[Event "Paris-ch"]
[Site "Paris"]
[Date "1992.??.??"]
[Round "5"]
[White "Touzane, Olivier"]
[Black "Appleberry, Martin"]
[Result "0-1"]
[WhiteElo "2280"]
[BlackElo "2310"]

1.d4 Nf6 2.c4 Nc6 3.Nc3 e5 4.d5 Ne7 5.e4 Ng6 6.Bd3 Bc5 7.Nge2 Ng4 8.Ng3 Nxf2
9.Qe2 Nxh1 10.Nxh1 d6 11.g3 h5 12.h4 Bg4 13.Qg2 Bd4 14.Bd2 Qf6 15.Be2 Bxc3
16.Bxc3 Bxe2 17.Kxe2 Ne7 18.Rf1 Qg6 19.Qf3 O-O 20.Nf2 f5 21.Qd3 fxe4 22.Nxe4 Rxf1
23.Kxf1 Rf8+ 24.Kg2 Qf5 25.Nc5 e4 26.Qe3 Qf3+  0-1

[Event "World op"]
[Site "Philadelphia"]
[Date "1992.??.??"]
[Round "9"]
[White "Van Wely, Loek"]
[Black "Orlov, Georgi"]
[Result "1-0"]
[WhiteElo "2560"]
[BlackElo "2500"]

1.d4 Nf6 2.c4 Nc6 3.Nf3 e6 4.g3 Bb4+ 5.Bd2 Qe7 6.Nc3 O-O 7.Bg2 d6 8.O-O h6
9.Qc2 a5 10.Rfe1 Re8 11.e4 Bxc3 12.Bxc3 e5 13.d5 Nb8 14.Nh4 b6 15.f4 Na6
16.Nf3 Nd7 17.a3 Rb8 18.Bf1 Ra8 19.b4 f6 20.f5 Nab8 21.Qd2 Na6 22.g4 Nf8
23.Rab1 Bd7 24.h4 Nh7 25.bxa5 Nc5 26.axb6 Rxa3 27.bxc7 Bc8 28.Qc1 Ra6 29.Bb4 Qxc7
30.Qe3 Bd7 31.Bxc5 dxc5 32.Rb3 Rc8 33.Reb1 Nf8 34.Rb7 Qd6 35.g5 hxg5 36.hxg5 fxg5
37.Qxg5 Nh7 38.Qg3 Re8 39.R1b2 Ra3 40.R2b6 Qe7 41.Bg2 Nf6 42.Rxf6 Qxf6 43.Rxd7 Ra1+
44.Kh2 Qh6+ 45.Qh4 Qxh4+ 46.Nxh4 Rc1 47.Nf3 Rxc4 48.Ng5 Rc2 49.Ne6 Kh8 50.d6 Rd2
51.Re7 Rg8 52.d7 c4 53.d8=Q  1-0

[Event "ROM-ch (Women)"]
[Site "?"]
[Date "1992.??.??"]
[Round "11"]
[White "Ionescu Ilie, Viorica"]
[Black "Stanciu, Gabriela"]
[Result "1-0"]
[WhiteElo "2140"]
[BlackElo "2260"]

1.d4 Nf6 2.c4 Nc6 3.Nf3 e6 4.Nc3 Bb4 5.Bg5 Bxc3+ 6.bxc3 h6 7.Bh4 d6 8.e3 O-O
9.Be2 Qe7 10.Qc2 e5 11.h3 g5 12.Bg3 Ne8 13.d5 Nb8 14.h4 g4 15.Nd2 f5 16.h5 Qf7
17.O-O-O Na6 18.f3 f4 19.exf4 exf4 20.Bf2 g3 21.Bd4 c5 22.dxc6 bxc6 23.Rh4 c5
24.Rxf4 Qxh5 25.Rxf8+ Kxf8 26.Be3 Kg7 27.Qe4 Rb8 28.Bd3 Rb7 29.Qh7+ Kf6 30.Ne4+ Ke6
31.Qg8+ Qf7 32.Qg4+ Ke7 33.Qxc8 Rb6 34.Bxh6 Nac7 35.Bg5+  1-0

[Event "Alekhine op"]
[Site "Smolensk"]
[Date "1992.??.??"]
[Round "3"]
[White "Zilberstein, Valery I"]
[Black "Kondenko, Alexey"]
[Result "1-0"]
[WhiteElo "2285"]
[BlackElo "2385"]

1.d4 Nf6 2.c4 Nc6 3.Nf3 e6 4.g3 Bb4+ 5.Bd2 Qe7 6.Nc3 d5 7.a3 Bxc3 8.Bxc3 O-O
9.Bg2 Ne4 10.Qc2 f5 11.b4 dxc4 12.b5 Nd8 13.Bb4 Nd6 14.Ne5 a6 15.b6 a5 16.Bc5 cxb6
17.Bxb6 Ra6 18.Rb1 N8f7 19.O-O Nxe5 20.dxe5 Nf7 21.Qc3 Re8 22.Rfd1 h5 23.Bxa5 Qc5
24.Bb4 Qxe5 25.Qxc4 Qf6 26.Qb5 Rd8 27.Rxd8+ Qxd8 28.Rc1 Kh7 29.Qc4 Ra8 30.Qc7 Qg5
31.e3 Qg6 32.Qe7 Ne5 33.Rc7 Nd3 34.Bc3 e5 35.Bd5  1-0

[Event "Warsaw op"]
[Site "Warsaw"]
[Date "1992.??.??"]
[Round "3"]
[White "Naumkin, Igor"]
[Black "Titov, German"]
[Result "1/2-1/2"]
[WhiteElo "2460"]
[BlackElo "2490"]

1.d4 Nf6 2.c4 Nc6 3.Nf3 e6 4.a3 d6 5.Nc3 g6 6.e4 Bg7 7.Be2 O-O 8.O-O Re8
9.Bg5 h6 10.Bh4 g5 11.Bg3 Nh5 12.d5 Nxg3 13.hxg3 exd5 14.cxd5 Ne7 15.Nd4 c5
16.dxc6 bxc6 17.Qd2 Bb7  1/2-1/2

[Event "Bucharest"]
[Site "Bucharest"]
[Date "1993.??.??"]
[Round "?"]
[White "Kiselev, Sergey"]
[Black "Nevednichy, Vladislav"]
[Result "1-0"]
[WhiteElo "2510"]
[BlackElo "2495"]

1.d4 Nf6 2.c4 Nc6 3.Nf3 e6 4.g3 Bb4+ 5.Bd2 Qe7 6.Nc3 O-O 7.Bg2 d6 8.O-O a5
9.Qc2 e5 10.dxe5 Nxe5 11.Nd5 Nxd5 12.cxd5 Bf5 13.Qxf5 Nxf3+ 14.Bxf3 Bxd2
15.a3 Bg5 16.b3 Ra6 17.Qd3 Rb6 18.Rfd1 g6 19.Rab1 Qd7 20.e3 Bf6 21.Qc2 Ra6
22.Rdc1 Rc8 23.Qc4 h5 24.Rc2 Be5 25.Kg2 Kg7 26.h3 Raa8 27.b4 axb4 28.axb4 Ra4
29.Rbc1 Rca8 30.Qxc7 Qxc7 31.Rxc7 Rxb4 32.Rd7 Rf8 33.Rcc7 b5 34.g4 h4 35.g5 Rb2
36.Bd1 Rd2 37.Bb3 Rb2 38.Bc2 b4 39.Kf1 b3 40.Be4 Ra2 41.f4 Ra4 42.Bd3 Bxf4
43.exf4 Rxf4+ 44.Ke2 Re8+ 45.Kd2 Re5 46.Rxd6 Rxg5 47.Rc4 Rg2+ 48.Kc3 Rf3
49.Rb6 Rc2+ 50.Kd4 Rd2 51.Rxb3 Rxh3 52.d6 Kf6 53.d7 Ke7 54.Rc7 g5 55.Ra7 Rhxd3+
56.Rxd3 Rxd3+ 57.Kxd3 h3  1-0

[Event "Bucharest2"]
[Site "Bucharest"]
[Date "1993.??.??"]
[Round "1"]
[White "Vasilescu, Lucian"]
[Black "Nevednichy, Vladislav"]
[Result "1-0"]
[WhiteElo "2400"]
[BlackElo "2495"]

1.d4 Nf6 2.c4 Nc6 3.Nc3 e5 4.d5 Ne7 5.e4 Ng6 6.h4 h5 7.Bg5 Bc5 8.Nge2 c6
9.Nc1 Qb6 10.Nd3 Bd4 11.Bxf6 gxf6 12.g3 d6 13.Bh3 Bxh3 14.Rxh3 Bxc3+ 15.bxc3 Qa6
16.Nb2 cxd5 17.cxd5 Qb5 18.Qe2 Qd7 19.Rh1 f5 20.exf5 Qxf5 21.Nc4 Qd7 22.Kd2 Ne7
23.Qd3 Rd8 24.Rhd1 b6 25.a4 Nc8 26.Ne3 O-O 27.Qe2 f5 28.Qxh5 Qf7 29.Qxf7+ Rxf7
30.f4 Rdf8 31.Rg1 Rg7 32.Raf1  1-0

[Event "Bucharest (Women)"]
[Site "Bucharest"]
[Date "1993.??.??"]
[Round "2"]
[White "Ionescu Ilie, Viorica"]
[Black "Sheremetieva, Marina"]
[Result "0-1"]
[WhiteElo "2140"]
[BlackElo "2255"]

1.d4 Nf6 2.c4 Nc6 3.Nf3 e6 4.Nc3 Bb4 5.Qc2 d6 6.a3 Bxc3+ 7.Qxc3 a5 8.b3 O-O
9.Bb2 Re8 10.g3 e5 11.d5 Ne7 12.Bg2 Ne4 13.Qe3 f5 14.O-O Ng6 15.h4 Qf6 16.b4 f4
17.gxf4 exf4 18.Qd4 Qxd4 19.Bxd4 Bg4 20.Nh2 Bxe2 21.Rfe1 Nf6 22.Bh3 Bxc4
23.Be6+ Kf8 24.Bxf6 gxf6 25.Rac1 b5 26.Ng4 Kg7 27.a4 Nxh4 28.Kh1 c6 29.axb5 cxb5
30.bxa5 Rxa5 31.Rg1 Ng6 32.Nh2 Ra2 33.Kg2 Rea8 34.Nf3 Rb2 35.Nd4 Raa2 36.Nf5+ Kf8
37.Nxd6 Rxf2+ 38.Kh3 h5  0-1

[Event "Bucharest Tim"]
[Site "Bucharest"]
[Date "1993.??.??"]
[Round "5"]
[White "Ionescu, Constantin"]
[Black "Iordachescu, Viorel"]
[Result "1/2-1/2"]
[WhiteElo "2475"]
[BlackElo "2305"]

1.d4 Nf6 2.c4 Nc6 3.Nf3 e6 4.g3 Bb4+ 5.Bd2 Qe7 6.Qc2 Bxd2+ 7.Nbxd2 d6 8.Bg2 O-O
9.O-O e5 10.d5 Nb8 11.Ne1 a5 12.e4 Na6 13.Nd3 Nd7 14.Nb3 b6 15.Qc3 Ndc5 16.Nbxc5 Nxc5
17.Nxc5 bxc5 18.f4 f6 19.f5 Ba6 20.Rf2 a4 21.h4 c6 22.dxc6 Rfc8 23.Rc1 Rxc6
24.Qd2 Kh8 25.Bf1 Rb6 26.Bd3 Rb4 27.Rc2 Rg8 28.Kh2 g6 29.fxg6 Rxg6 30.Be2 Bc8
31.Bh5 Rg8 32.Qh6 Rf8 33.Be2 Be6 34.Bf1 Qg7 35.Qd2 Qe7 36.Qd1 Rg8 37.Rc3 Rgb8
38.b3 axb3 39.axb3 Ra8 40.Rd3 Rb6 41.Rfd2 Rd8 42.Bh3 Bxh3 43.Kxh3 Qe6+ 44.Kh2 Kg7
45.Rd5 Ra6 46.Rxc5 dxc5 47.Rxd8 Ra2+ 48.Kg1 Qh3 49.Qd7+ Qxd7 50.Rxd7+ Kg6
51.Kf1 Rb2  1/2-1/2